000 01112nam a2200205Ia 4500
999 _c34588
_d34588
001 349
003 GE_BSU
005 20200203122448.0
008 181216s||||||||xx |||||||||||||| ||und||
040 _cGE_BSU
080 _a611.81+611.82+611.83
100 _aკაციტაძე, ზურაბ
_96529
245 _aადამიანის ანატომია :
_b ნევროლოგია. ზურგის ტვინი; თავის ტვინი; პერიფერიული ნერვები; გრძნობათა ორგანოები /
_cზ. კაციტაძე.
264 _aთბილისი:
_bიბერია-5,
_c2002.
300 _a216 გვ.:
_b სურ. ;
_c19 სმ.
653 _aადამიანის ანატომია
653 _aნევროლოგია
653 _aნევროლოგია. ზურგის ტვინი. თავის ტვინი. პერიფერიული ნერვები. გრძნობათა ორგანოები
942 _cBK
_2udc